000 00612nam a2200229Ia 4500
003 OSt
005 20221007075234.0
006 a|||||r|||| 00| 0
007 ta
008 221006b |||||||| |||| 00| 0 eng d
024 _a12,011
037 _cTextual
040 _aFLL
_cFLL
_beng
041 _2eng
_aeng
082 _aV2:5, N0
100 _aSharma S.K. Au.
245 0 _aDirective principles and fundamental rights
260 _aNew Delhi
_bDeep and deep publications India
_c1990
300 _a162p
_ccm.
942 _hV2:5, N0
_cTEXL
_2CC
999 _c1155300
_d1155300